|
|
|
|
| LEADER |
00000nam1a2200000 4500 |
| 001 |
79374 |
| 005 |
20231101213042.0 |
| 010 |
|
|
|a 5862180222
|
| 035 |
|
|
|a (RuTPU)RU\TPU\book\85341
|
| 090 |
|
|
|a 79374
|
| 100 |
|
|
|a 20050816d1993 m y0rusy50 ca
|
| 101 |
0 |
|
|a rus
|
| 102 |
|
|
|a RU
|
| 200 |
1 |
|
|a Полное собрание сочинений
|e в 25 т: пер. фр.
|f Ж. Верн
|
| 210 |
|
|
|a Москва
|c Ладомир
|d 1993-
|
| 225 |
1 |
|
|a Неизвестный Жюль Верн
|
| 700 |
|
1 |
|a Верн
|b Ж.
|c французский писатель
|f 1828-1905
|g Жюль
|2 stltpush
|3 (RuTPU)RU\TPU\pers\20608
|9 8348
|
| 801 |
|
1 |
|a RU
|b 63413507
|c 20050816
|g PSBO
|
| 801 |
|
2 |
|a RU
|b 63413507
|c 20180115
|g PSBO
|
| 942 |
|
|
|c BK
|